000
00283nam a22001217a 4500
041
_a
ENG
100
_a
Gupta .R.K
245
_a
Engineerinf For Rural Development
260
_a
Delhi
_b
Jain Brothers
_c
1998
300
_a
229
650
_a
Competitive Exam
856
_u
Competitive Exam
999
_c
695
_d
695